000 00685nam a2200289Ia 4500
005 20260324125725.0
008 008 260324s9999 xx 000 0 eng d
020 _a9780203927359
037 _aEBOOK
040 _aCRL
040 _beng
040 _cCRL
041 _2eng
041 _aeng
084 _qCRL
100 _aHerbert J. Schlesinger
_91179066
245 0 _aPromises, Oaths, and Vows
245 0 _bOn the Psychology of Promising
260 _bTaylor and Francis
260 _c2008
365 _a
365 _b93.99
856 _uhttp://www.taylorfrancis.com/books/9780203927359
942 _cEBOOK
999 _c1774588
_d1774588